000 01141nam a22003375i 4500
001 121426
005 20230404115640.0
008 230403s2017 enk 000 0 eng d
020 _a9780414057982
_qpaperback
041 _aeng
245 0 0 _aJCT : Constructing Excellence Contract Project Team Agreement 2016.
_bCE/P 2016
260 _aLondon
_bSweet & Maxwell,
_c2017
264 1 _aLondon :
_bThomson Reuters (Professional) UK Limited,
_c2017.
264 4 _c©2017
300 _aii, 31 pages ;
_c30 cm
336 _atext
_2rdacontent
337 _aunmediated
_2rdamedia
338 _avolume
_2rdacarrier
490 _aJCT Contracts 2016
500 _aTitle from cover.
500 _a"CE/P 2016" --Cover.
650 0 _aConstruction contracts
_zGreat Britain.
650 0 _aConstruction industry
_xSubcontracting
_zGreat Britain.
650 0 _aBuilding
_xSuperintendence
_zGreat Britain.
650 0 _aStandardized terms of contract
_zGreat Britain.
650 0 _aBuildings
_zGreat Britain.
651 _aUnited Kingdom
710 2 _aJoint Contracts Tribunal,
_eauthor.
942 _n0
999 _c121426
_d121426